MARC

LEADER 00000nam0a2200000 4500
001 141481
005 20231031142443.0
010 |a 5283001849 
035 |a (RuTPU)RU\TPU\book\153358 
090 |a 141481 
100 |a 20080819d1991 m y0rusy50 ca 
101 0 |a rus 
102 |a RU 
105 |a a z 001zy 
200 1 |a Эксплуатация циркуляционных насосов ТЭС  |f Б. П. Прибытов 
210 |a Москва  |c Энергоатомиздат  |d 1991 
215 |a 168 с.  |c ил. 
225 1 |a Библиотека теплоэнергетика 
320 |a Библиогр.: с. 165-167. 
610 1 |a электрические станции 
610 1 |a тепловые электрические станции 
610 1 |a насосные установки 
610 1 |a эксплуатация 
610 1 |a насосы 
610 1 |a технические характеристики 
675 |a 621.311.22.002.5:621.65  |v 3 
700 1 |a Прибытов  |b Б. П.  |g Борис Павлович 
801 1 |a RU  |b 63413507  |c 20080819  |g PSBO 
801 2 |a RU  |b 63413507  |c 20170123  |g PSBO 
942 |c BK